Statistics for Animated Movie Villain Defeats

Click here to take the quiz!

General Stats

  • This quiz has been taken 20 times
  • The average score is 8 of 43

Answer Stats

StudioFateVillain% Correct
DisneyEaten alive by angry hyenasScar
91%
DisneyFell to his death after trying to kill the beastGaston
64%
DisneyTurned into a genie and imprisoned in a lampJafar
55%
PixarStuffed in the backpack of a young artistStinky Pete
45%
PixarEaten alive by baby birdsHopper
36%
DreamWorksSacrificed himself to help his friend; had a “great fall”Humpty Dumpty
36%
DisneyDied of old age while falling to her deathMother Gothel
36%
PixarScared StraightSid Phillips
36%
Warner Bros. (Cartoon)Repeatedly blown up and run over by his own schemesWile E. Coyote
36%
Disney (TV Show)Repeatedly thwarted by his platypus nemesisDr. Doofenshmirtz
27%
DreamWorksTurned into bubbles when her spell was deflectedFairy Godmother
27%
DisneyPunched into a river by AnnaHans
27%
DreamWorksSwallowed whole by a dragonLord Farquaad
27%
DisneyDrank a potion that turned her into a kittenYzma
27%
PixarDeactivated by the captainAUTO
18%
PixarCrushed by a bell twiceErnesto de la Cruz
18%
DisneyFell while climbing his tower and died in the fireJudge Claude Frollo
18%
PixarStuck to the front of a truckLotso
18%
DreamWorksWas convinced by Princess Poppy to respect all musicQueen Barb
18%
IlluminationFrozen by Gru’s freeze rayScarlet Overkill
18%
DisneyShot by a fireworkShan Yu
18%
IlluminationAdopted by a little girl and had a change of heartSnowball
18%
DreamWorksWas in his ship when it blew upGallaxhar
9%
IlluminationHumiliated for his liesJimmy Crystal
9%
DreamWorksDumped by Vanessa after trying to kill BarryKen
9%
DisneyBlown up by a volcano of soda and mintsKing Candy
9%
DreamWorksCrushed by a giant cannonLord Shen
9%
IlluminationEaten alive by a gang of bearsMike
9%
DisneyHad a change of heart and helped save KumandraNamaari
9%
SonyExploded in a glass of waterPAL
9%
PixarLost the Scare Games to Oozma KappaR.O.R.
9%
DreamWorksCaptured in a snow globe and given to a little girlDave
0%
Disney (TV Show)Death By Orange SodaDerek/Pistachions
0%
DisneyStuffed in a suitcase and sent to TimbuktuEdgar
0%
DreamWorksReturned the Book of PeaceEris
0%
DreamWorksLost a court case to a beeLayton Montgomery
0%
DreamWorksCrushed by a meteorite and later arrestedProfessor Marmalade
0%
DreamWorksShrunk by his own machineProfessor Poopypants
0%
SonyCrushed by a robotSmiler
0%
DisneyStuck upside down in his lairTamatoa
0%
DreamWorksScared away by AlexThe Foosas
0%
DreamWorksCarried away by the conquistadorsTzekel-Kan
0%
DisneyFell to her death after refusing Kiara’s offer to helpZira
0%

Score Distribution

Percentile by Number Answered

Percent of People with Each Score

Your Score History

You have not taken this quiz